000 00690nam a2200253Ia 4500
003 OSt
005 20220928103709.0
006 a|||||r|||| 00| 0
007 ta
008 220927b |||||||| |||| 00| 0 eng d
024 _a65626
037 _cTextual
040 _aSDCL
_cSDCL
_beng
041 _2eng
_aeng
082 _aS:3, P4
100 _aVyas Bhaskar
_9406634
245 0 _aSpace time consciousness
_b The fifth dimension
260 _aDelhi
_bBharatiya Vidya Prakashan
_c2004
300 _a239p
_ccm.
650 _aConsciousness
_9406635
700 _a Vyas Rajni
_9406636
942 _hS:3, P4
_cTEXL
_2CC
999 _c722180
_d722180